000 00605nam a2200205Ia 4500
003 GCL
008 140319s9999 xx 000 0 eng d
040 _aGCL /
_cGCL
082 0 4 _a327
_bS A
100 1 _aSAMAAN, ANGLELE BOTRES
245 1 0 _aAN AGGRESSION ON THE MIND: A CRITICAL STUDY OF SA'D AL -BAZZAZ'S BOOK A WAR GIVES BIRTH TO ANOTHER /
_cSAMAAN, ANGLELE BOTRES
700 1 _aMUHAREB, ABDULLAH
260 _a[S.N] :
_bCENTER FOR RESEARCH AND STUDIES ،
_c1995
300 _a184 P
650 0 4 _aKUWAIT
650 0 4 _aIRAQ
650 0 4 _aGULF WAR
650 0 4 _aKUWAIT - IRAQ
942 _2ddc
_cBK
999 _c11382
_d11382